|
|
|
|
| LEADER |
00000nam0a2200000 4500 |
| 001 |
255894 |
| 005 |
20231101233051.0 |
| 010 |
|
|
|a 9785906226662
|
| 035 |
|
|
|a (RuTPU)RU\TPU\book\278513
|
| 090 |
|
|
|a 255894
|
| 100 |
|
|
|a 20140403d2013 k y0rusy50 ca
|
| 101 |
0 |
|
|a rus
|
| 102 |
|
|
|a RU
|
| 105 |
|
|
|a y z 000zy
|
| 200 |
1 |
|
|a Российская государственность в конце XIX – начале XX века
|f В. А. Никонов [и др.]
|g Московский государственный университет им. М. В. Ломоносова (МГУ), Факультет государственного управления
|
| 210 |
|
|
|a Москва
|c КДУ
|d 2013
|
| 215 |
|
|
|a 340 с.
|c ил.
|
| 225 |
1 |
|
|a Научные исследования
|
| 330 |
|
|
|a Кризис управления — опаснейшая угроза любой государственной системы. Многовековая история государства Российского представляет собой поучительную картину для учебы и обретения знаний как на положительных, так и на отрицательных уроках прошлого. Значимость знаний подобного рода со временем будет только возрастать. Книга, в создании которой приняли участие преподаватели факультета государственного управления МГУ им. М.В. Ломоносова, представляет собой осмысление опыта государственного строительства и развития нашей страны в его историческом контексте. Historia est magistra vitae! История — учитель жизни! История — карта кормчих, которые ведут суда государств и народов по реке времен. Конец XIX — начало XX века — это время тяжелейшего кризиса традиционной российской государственности и формирования нового, Советского государства. Помочь понять причины и размеры произошедшего — вот задача этой работы. Предназначена для преподавателей, аспирантов и студентов гуманитарных факультетов вузов, а также для всех интересующихся историей России рассматриваемого периода.
|
| 606 |
1 |
|
|a Россия
|x История
|z 1885-1917
|2 stltpush
|3 (RuTPU)RU\TPU\subj\65453
|9 81969
|
| 610 |
1 |
|
|a история России
|
| 610 |
1 |
|
|a Россия
|
| 610 |
1 |
|
|a 19 век
|
| 610 |
1 |
|
|a 20 век
|
| 610 |
1 |
|
|a экономическое развитие
|
| 610 |
1 |
|
|a социальное развитие
|
| 610 |
1 |
|
|a государственное управление
|
| 610 |
1 |
|
|a революция 1905-1907
|
| 610 |
1 |
|
|a третьеиюньская монархия
|
| 610 |
1 |
|
|a Первая мировая война 1914-1918
|
| 610 |
1 |
|
|a Октябрьская революция 1917
|
| 610 |
1 |
|
|a Временное правительство
|
| 686 |
|
|
|a Т3(2)53
|2 rubbk
|
| 701 |
|
1 |
|a Никонов
|b В. А.
|
| 701 |
|
1 |
|a Айрапетов
|b О. Р.
|
| 701 |
|
1 |
|a Коваленко
|b Н. А.
|
| 701 |
|
1 |
|a Кошкидько
|b В. Г.
|
| 701 |
|
1 |
|a Полунов
|b А. Ю.
|
| 701 |
|
1 |
|a Пронкин
|b С. В.
|
| 701 |
|
1 |
|a Семенникова
|b Л. И.
|
| 712 |
0 |
2 |
|a Московский государственный университет им. М. В. Ломоносова (МГУ)
|b Факультет государственного управления
|2 stltpush
|3 (RuTPU)RU\TPU\col\7
|
| 801 |
|
1 |
|a RU
|b 63413507
|c 20140403
|
| 801 |
|
2 |
|a RU
|b 63413507
|c 20140704
|g RCR
|
| 900 |
|
|
|a История государственного управления России
|
| 942 |
|
|
|c BK
|
| 959 |
|
|
|a 60/20140403
|d 1
|e 629,20
|f ЧЗТЛ:1
|